|
|
|
|
| LEADER |
01112nam a2200313 a 4500 |
| 001 |
17608 |
| 003 |
BD-DhAAL |
| 005 |
20140514114020.0 |
| 008 |
140514s1989 inua b s001 0 eng d |
| 010 |
|
|
|a 88046044
|
| 020 |
|
|
|a 0253360455
|
| 020 |
|
|
|a 0253205255 (pbk.)
|
| 040 |
|
|
|a DLC
|c DLC
|d DLC
|d BD-DhAAL
|
| 050 |
0 |
0 |
|a Q175.5
|b .F45 1989
|
| 082 |
0 |
0 |
|a 305.4/35
|2 19
|
| 245 |
0 |
0 |
|a Feminism & science /
|c edited by Nancy Tuana.
|
| 260 |
|
|
|a Bloomington :
|b Indiana University Press,
|c c1989.
|
| 300 |
|
|
|a xi, 249 p. :
|b ill. ;
|c 25 cm.
|
| 440 |
|
0 |
|a Race, gender, and science
|9 4541
|
| 500 |
|
|
|a Includes index.
|
| 504 |
|
|
|a Includes bibliographical references (p. [229]-239).
|
| 541 |
|
|
|e 17608
|
| 650 |
|
0 |
|a Sexism in science.
|9 4542
|
| 650 |
|
0 |
|a Feminism.
|9 4543
|
| 700 |
1 |
|
|a Tuana, Nancy.
|9 4544
|
| 740 |
0 |
|
|a Feminism and science.
|
| 942 |
|
|
|2 ddc
|c BK
|
| 999 |
|
|
|c 14346
|d 14346
|
| 952 |
|
|
|0 0
|1 0
|2 ddc
|4 0
|6 305_435000000000000_FEM
|7 0
|9 24319
|a BRACUL
|b BRACUL
|c GEN
|d 2014-05-14
|l 1
|m 15
|o 305.435 FEM
|p 3010017608
|r 2025-10-13
|s 2023-12-28
|t 1
|w 2014-05-14
|y BK
|x Transferred from ENH to Ayesha Abed library on 20/12/2023
|